Got the look [sound recording] / James Grippando.
When Jack Swyteck's girlfriend is kidnapped, her rich husband gets the ransom note. Jack didn't know she was married. And hubby won't pay. As Jack learns uncomfortable secrets about her marriage and her past, he gets closer to a madman.
Record details
- ISBN: 0060852836
- ISBN: 9780060852832
- Physical Description: 5 sound discs (6 hrs.). ; 4 3/4 in.
- Edition: Abridged.
- Publisher: New York : Harper Audio, c2006.
Content descriptions
| Participant or Performer Note: | Performed by Jonathan Davis. |
Search for related items by subject
| Subject: | Swyteck, Jack (Fictitious character). Attorney and client > Fiction. Audiobooks. Miami (Fla.) > Fiction. |
| Genre: | Suspense fiction. |
Available copies
- 1 of 1 copy available at scottsboropl.
Holds
- 0 current holds with 1 total copy.
Other Formats and Editions
Show Only Available Copies
| Location | Call Number / Copy Notes | Barcode | Shelving Location | Status | Due Date |
|---|---|---|---|---|---|
| scottsboropl | BK/CD Gri | 32269000812126 | Adult - Audiobook | Available | - |
| LDR | 01233cim a2200313Ia 4500 | ||
|---|---|---|---|
| 001 | 130724 | ||
| 003 | CONS | ||
| 005 | 20140703073306.0 | ||
| 007 | sd fungnnmmned | ||
| 008 | 060111s2006 nyunnn g f eng d | ||
| 020 | . | ‡a0060852836 | |
| 020 | . | ‡a9780060852832 | |
| 035 | . | ‡a(CPomAG)LMN500997 | |
| 100 | 1 | . | ‡aGrippando, James, ‡d1958- |
| 245 | 1 | 0. | ‡aGot the look ‡h[sound recording] / ‡cJames Grippando. |
| 250 | . | ‡aAbridged. | |
| 260 | . | ‡aNew York : ‡bHarper Audio, ‡cc2006. | |
| 300 | . | ‡a5 sound discs (6 hrs.). ; ‡c4 3/4 in. | |
| 511 | 0 | . | ‡aPerformed by Jonathan Davis. |
| 520 | . | ‡aWhen Jack Swyteck's girlfriend is kidnapped, her rich husband gets the ransom note. Jack didn't know she was married. And hubby won't pay. As Jack learns uncomfortable secrets about her marriage and her past, he gets closer to a madman. | |
| 650 | 0. | ‡aSwyteck, Jack (Fictitious character). | |
| 650 | 0. | ‡aAttorney and client ‡vFiction. | |
| 650 | 0. | ‡aAudiobooks. | |
| 651 | 0. | ‡aMiami (Fla.) ‡vFiction. | |
| 655 | 7. | ‡aSuspense fiction. ‡2gsafd | |
| 700 | 1 | . | ‡aDavis, Jonathan. |
| 914 | . | ‡aSCP_ds | |
| 959 | . | ‡i32269000812126 ‡lBK/CD Gri ‡aAdult - Audiobook ‡tAudiobook ‡g29.95 | |
| 852 | . | ‡p32269000812126 ‡jBK/CD Gri ‡gAdult - Audiobook ‡cAudiobook ‡y29.95 ‡bSBPL | |
| 901 | . | ‡a130724 ‡bUnknown ‡c130724 ‡tbiblio | |